Strony konfliktu III wojny północnej - Statystyki

Ogólne statystyki
  • Ten quiz został rozwiązany 16 razy
  • Średni wynik to 5 z 9
Statystyki odpowiedzi
Strona Lata Państwa % Poprawnych
Liga Północna 1700-1721 Rosja
100%
Wrogowie 1700-1721 Szwecja
94%
Liga Północna 1715-1721 Prusy
63%
Liga Północna 1704-1721 Rzeczpospolita Obojga Narodów / Polska
63%
Liga Północna 1700-1721 Saksonia
63%
Wrogowie 1710-1714 Imperium Osmańskie
56%
Liga Północna 1715-1721 Hanower
19%
Wrogowie 1708-1709 Hetmanat
13%
Liga Północna 1700-1721 Dania-Norwegia
6%
Nie znaleziono quizów pasujących do podanych kryteriów
Rozkład punktacji
Procent ludzi z każdym wynikiem
Percentyl według liczby udzielonych odpowiedzi
Twoja historia wyników
Nie rozwiązałeś tego quizu